[Event "19. Intern. Travemünder Schach-Open"]
[Site "?"]
[Date "2002.12.29"]
[Round "6"]
[White "Stimpel, Franz"]
[Black "Elmali, Timur"]
[Result "1-0"]
[WhiteElo "2278"]
[BlackElo "2193"]
[PlyCount "69"]
[EventDate "2002.??.??"]

1. d4 {0} 1... d5 2. c4 e6 3. Nc3 c5 4. cxd5 exd5 5. Nf3 Nc6 6. g3 Nf6 7. Bg2
Be7 8. O-O c4 9. b3 Qa5 10. Bd2 Bb4 11. Qe1 O-O 12. a3 Bxc3 13. Bxc3 Qb5 14.
bxc4 Qxc4 15. Ne5 Nxe5 16. dxe5 Ne4 17. Bb4 Re8 18. f3 Ng5 19. Rc1 Qd4+ 20. e3
Qb6 21. h4 Ne6 22. f4 a5 23. Bd6 Qb5 24. f5 Nd8 25. Rc5 Qa4 26. Rf4 Qb3 27.
Bxd5 Qb6 28. Qc3 Nc6 29. Qc4 Rd8 30. Bxf7+ Kh8 31. h5 h6 32. f6 Qb1+ 33. Rf1
Qb2 34. fxg7+ Kxg7 35. Bg6 1-0

[Event "19. Intern. Travemünder Schach-Open"]
[Site "?"]
[Date "2002.12.29"]
[Round "6"]
[White "Gazic, Josip"]
[Black "Jacob, Hemlut"]
[Result "1-0"]
[WhiteElo "2270"]
[BlackElo "2182"]
[PlyCount "76"]
[EventDate "2002.??.??"]

1. e4 c6 2. d4 d5 3. exd5 cxd5 4. c4 Nf6 5. Nc3 e6 6. Nf3 Bb4 7. cxd5 Nxd5 8.
Bd2 O-O 9. Bd3 Nf6 10. O-O Nc6 11. Bg5 Be7 12. Rc1 Nb4 13. Bb1 Bd7 14. Ne5 h6
15. h4 Be8 16. a3 Nc6 17. Nxc6 Bxc6 18. Qd3 hxg5 19. hxg5 g6 20. gxf6 Bxf6 21.
Rcd1 Qa5 22. Rfe1 Qg5 23. Ne4 Bxe4 24. Rxe4 Kg7 25. Qf3 Rh8 26. Rg4 Qh5 27. Kf1
Qb5+ 28. Bd3 Rh1+ 29. Ke2 Qxb2+ 30. Rd2 Qc1 31. Qxb7 Rf8 32. Rxg6+ Kh8 33. Qb4
Bg7 34. Rg5 Bh6 35. Qe7 Rg8 36. Qxf7 Bg7 37. Qf4 Bh6 38. Qe5+ Bg7 1-0

[Event "19. Intern. Travemünder Schach-Open"]
[Site "?"]
[Date "2002.12.29"]
[Round "6"]
[White "Voloshin, Leonid"]
[Black "Kuhn, Gerd"]
[Result "1-0"]
[WhiteElo "2440"]
[BlackElo "2216"]
[PlyCount "79"]
[EventDate "2002.??.??"]

1. d4 c5 2. d5 e5 3. e4 d6 4. Nc3 Be7 5. Nf3 Bg4 6. Bb5+ Nd7 7. h3 Bxf3 8. Qxf3
Ngf6 9. a4 O-O 10. h4 Rc8 11. a5 a6 12. Bc4 Ne8 13. Nd1 Ndf6 14. Ne3 g6 15. Bd2
Nh5 16. g3 Neg7 17. Bd3 Qd7 18. Nc4 Bd8 19. g4 Nf6 20. Qh3 Bc7 21. f3 h5 22. g5
Qxh3 23. Rxh3 Nd7 24. Rg3 Rcd8 25. Bf1 Rfe8 26. Bh3 Re7 27. Ke2 Ne8 28. Rgg1
Kg7 29. Rgb1 Rb8 30. Be3 Kg8 31. Ra2 Kg7 32. c3 Kg8 33. b4 cxb4 34. Rxb4 Nc5
35. Rab2 Kf8 36. Bxc5 dxc5 37. Rxb7 Rxb7 38. Rxb7 Bd8 39. Rb8 Bc7 40. Ra8 1-0

[Event "19. Intern. Travemünder Schach-Open"]
[Site "?"]
[Date "2002.12.29"]
[Round "6"]
[White "Zimmermann, Julian"]
[Black "Richter, Michael"]
[Result "0-1"]
[WhiteElo "2194"]
[BlackElo "2396"]
[PlyCount "74"]
[EventDate "2002.??.??"]

1. e4 c5 2. Nf3 Nc6 3. d4 cxd4 4. Nxd4 Nf6 5. Nc3 e5 6. Ndb5 d6 7. Nd5 Nxd5 8.
exd5 Nb8 9. c4 Be7 10. Be2 O-O 11. O-O Bd7 12. Nc3 f5 13. f3 a5 14. Be3 Bg5 15.
Bf2 Na6 16. a3 Qf6 17. Na4 Bxa4 18. Qxa4 e4 19. Qb5 e3 20. Be1 Bf4 21. Rb1 Nc5
22. g3 Be5 23. b4 axb4 24. axb4 Ra2 25. bxc5 Rxe2 26. f4 Bd4 27. cxd6 Qh6 28.
h4 Qg6 29. c5 Rxe1 30. Kg2 Rxf1 31. Rxf1 b6 32. Qxb6 Qe8 33. Kh3 e2 34. Re1 Bf2
35. d7 Qe3 36. Qe6+ Qxe6 37. dxe6 Bxe1 0-1

[Event "19. Intern. Travemünder Schach-Open"]
[Site "?"]
[Date "2002.12.29"]
[Round "6"]
[White "Asendorf, Joachim"]
[Black "Zschischang, Gunnar"]
[Result "1-0"]
[WhiteElo "2280"]
[BlackElo "2200"]
[PlyCount "85"]
[EventDate "2002.??.??"]

1. c4 c5 2. Nc3 Nc6 3. g3 g6 4. Bg2 Bg7 5. a3 d6 6. Rb1 a5 7. Nf3 e5 8. O-O
Nge7 9. d3 O-O 10. Bg5 f6 11. Be3 Be6 12. Ne1 Rb8 13. Nc2 Qd7 14. b4 axb4 15.
axb4 b6 16. Bd2 h6 17. b5 Nd8 18. Ne3 Bf7 19. Ra1 Ne6 20. Ned5 Nxd5 21. Bxd5
Nc7 22. Bc6 Qd8 23. Qb3 f5 24. Ra7 g5 25. Rfa1 f4 26. R1a2 Be6 27. Na4 fxg3 28.
hxg3 Rf7 29. Nxb6 Qf6 30. f3 Rxb6 31. Ba5 Rxc6 32. bxc6 g4 33. Rxc7 gxf3 34.
Rxf7 Bxf7 35. Be1 e4 36. dxe4 Qe6 37. Qxf3 Qxc4 38. Ra8+ Kh7 39. c7 Bd4+ 40.
Bf2 Qc1+ 41. Kg2 Bxf2 42. Qxf2 Bg6 43. Rh8+ 1-0

[Event "19. Intern. Travemünder Schach-Open"]
[Site "?"]
[Date "2002.12.29"]
[Round "6"]
[White "Sawatzki, Jörg"]
[Black "Schmid, Thomas"]
[Result "1/2-1/2"]
[WhiteElo "2261"]
[BlackElo "2175"]
[PlyCount "45"]
[EventDate "2002.??.??"]

1. c4 Nf6 2. Nc3 c5 3. Nf3 e6 4. g3 b6 5. Bg2 Bb7 6. O-O d6 7. b3 Be7 8. Bb2 a6
9. d4 cxd4 10. Nxd4 Bxg2 11. Kxg2 Qc7 12. e3 O-O 13. f4 Nc6 14. Qf3 Rac8 15.
Rad1 g6 16. Rf2 Rfd8 17. Ne4 Nxe4 18. Qxe4 Bf8 19. Nf3 Bg7 20. Bxg7 Kxg7 21.
Rfd2 Kg8 22. Qb1 Ne7 23. e4 1/2-1/2

[Event "19. Intern. Travemünder Schach-Open"]
[Site "?"]
[Date "2002.12.29"]
[Round "6"]
[White "Bielmeier, Ludwig"]
[Black "Jacob, Gunnar"]
[Result "1-0"]
[WhiteElo "2174"]
[BlackElo "2226"]
[PlyCount "97"]
[EventDate "2002.??.??"]

1. Nf3 d5 2. d4 Nc6 3. c4 Bg4 4. Nc3 e6 5. cxd5 exd5 6. Bg5 Be7 7. Bxe7 Ngxe7
8. e3 O-O 9. Be2 Nc8 10. O-O Nb6 11. Ne1 Bxe2 12. Qxe2 Re8 13. Nf3 Re6 14. Rfc1
Ne7 15. Qc2 Ng6 16. Ne2 c6 17. a4 a5 18. Ne1 Nc4 19. b3 Nd6 20. Ng3 Nh4 21. Qe2
Rh6 22. Nd3 Qe7 23. Qe1 Nhf5 24. Rc5 Nxg3 25. hxg3 Qd8 26. Rc2 Qg5 27. Nf4 Ne4
28. Rac1 Qf5 29. f3 Nd6 30. Rc5 g5 31. g4 Qd7 32. Nh3 Qe7 33. Qd2 Re6 34. e4
dxe4 35. Nxg5 e3 36. Qd3 Rg6 37. Re5 Qd7 38. Qxe3 Re8 39. Re1 Rf8 40. Nh3 Nc8
41. Nf4 Rd6 42. d5 cxd5 43. Nxd5 f6 44. Ne7+ Kh8 45. Qh6 Rg8 46. Nxc8 Qxc8 47.
Re7 Qc2 48. R1e4 Qc1+ 49. Qxc1 1-0

[Event "19. Intern. Travemünder Schach-Open"]
[Site "?"]
[Date "2002.12.29"]
[Round "6"]
[White "Hoffmann, Matthias"]
[Black "Glienke, Manfred"]
[Result "1/2-1/2"]
[WhiteElo "2050"]
[BlackElo "2316"]
[PlyCount "49"]
[EventDate "2002.??.??"]

1. e4 c5 2. c3 Nf6 3. e5 Nd5 4. d4 cxd4 5. Nf3 Nc6 6. Bc4 Nb6 7. Bb3 d5 8. exd6
exd6 9. Nxd4 Be7 10. O-O O-O 11. Be3 Ne5 12. a4 Bg4 13. f3 Bd7 14. Na3 Re8 15.
a5 Nc8 16. Nc4 Bf8 17. Bf2 Rb8 18. Re1 b5 19. Ne3 b4 20. c4 a6 21. Nd5 g6 22.
Qd2 Nc6 23. Nxc6 Rxe1+ 24. Bxe1 Bxc6 25. Nxb4 1/2-1/2

[Event "19. Intern. Travemünder Schach-Open"]
[Site "?"]
[Date "2002.12.29"]
[Round "6"]
[White "Kjetzae, Johnny"]
[Black "Hermesmann, Hans"]
[Result "0-1"]
[WhiteElo "2115"]
[BlackElo "2287"]
[PlyCount "40"]
[EventDate "2002.??.??"]

1. e4 c5 2. Nf3 d6 3. d4 cxd4 4. Nxd4 Nf6 5. Nc3 Nc6 6. Bg5 Qb6 7. Nb3 e6 8.
Qd2 a6 9. O-O-O Be7 10. f4 Qc7 11. Kb1 Rb8 12. f5 O-O 13. g4 Rd8 14. Bf4 b5 15.
g5 b4 16. Nb5 axb5 17. gxf6 Bxf6 18. Bh3 Ra8 19. Qe3 Ne5 20. fxe6 Nc4 0-1

[Event "19. Intern. Travemünder Schach-Open"]
[Site "?"]
[Date "2002.12.29"]
[Round "6"]
[White "Issing, Peter"]
[Black "Schoepe, Jan"]
[Result "1-0"]
[WhiteElo "2249"]
[BlackElo "2114"]
[PlyCount "73"]
[EventDate "2002.??.??"]

1. d4 d5 2. c4 c6 3. Nf3 Nf6 4. e3 Bf5 5. cxd5 cxd5 6. Qb3 Qc8 7. Nc3 e6 8. Bd2
Nc6 9. Rc1 Be7 10. Bb5 O-O 11. O-O Rb8 12. h3 a6 13. Be2 Qc7 14. Ne5 Bd6 15. f4
Bxe5 16. fxe5 Ne4 17. Nxe4 Bxe4 18. Bb4 Rfd8 19. Bd6 Rxd6 20. exd6 Qxd6 21. Bd3
Bxd3 22. Qxd3 f5 23. Qc3 Rf8 24. Qc5 Qb8 25. b4 f4 26. exf4 Rxf4 27. a4 h6 28.
b5 axb5 29. axb5 Nxd4 30. Qc8+ Qxc8 31. Rxc8+ Kh7 32. Rxf4 Ne2+ 33. Kf1 Nxf4
34. Rc7 d4 35. Rxb7 d3 36. Rd7 Nd5 37. Rxd5 1-0

[Event "19. Intern. Travemünder Schach-Open"]
[Site "?"]
[Date "2002.12.29"]
[Round "6"]
[White "Dinckel, Joerg"]
[Black "Sislian, Hanno"]
[Result "1/2-1/2"]
[WhiteElo "2097"]
[BlackElo "2245"]
[PlyCount "22"]
[EventDate "2002.??.??"]

1. d4 Nf6 2. c4 g6 3. Nc3 d5 4. cxd5 Nxd5 5. e4 Nxc3 6. bxc3 Bg7 7. Bb5+ c6 8.
Ba4 O-O 9. Ne2 c5 10. O-O Nc6 11. Be3 Na5 1/2-1/2

[Event "19. Intern. Travemünder Schach-Open"]
[Site "?"]
[Date "2002.12.29"]
[Round "6"]
[White "Schinkowski, Christoph"]
[Black "Mueller, Oliver"]
[Result "1/2-1/2"]
[WhiteElo "2115"]
[BlackElo "2237"]
[PlyCount "120"]
[EventDate "2002.??.??"]

1. e4 c6 2. c4 d5 3. exd5 cxd5 4. d4 Nf6 5. Nc3 e6 6. cxd5 exd5 7. Bg5 Be7 8.
Bd3 Nc6 9. Nge2 O-O 10. O-O h6 11. Bh4 Be6 12. Rc1 Rc8 13. Bb1 Nh5 14. Bxe7
Qxe7 15. Qd3 g6 16. Qe3 Kg7 17. Rce1 Rfe8 18. h3 Qb4 19. Qd2 Na5 20. b3 Nc6 21.
Rd1 Nf6 22. f4 Bd7 23. f5 Ne4 24. f6+ Kh7 25. Bxe4 dxe4 26. d5 Qc5+ 27. Kh1 Nb4
28. Qf4 Nd3 29. Qg3 Bb5 30. h4 e3 31. Kh2 Nf2 32. Rd4 Bxe2 33. Nxe2 Qb5 34. Qf3
h5 35. d6 Rcd8 36. Rd5 Ng4+ 37. Kg1 Qc6 38. Rxh5+ Nh6 39. Qxc6 bxc6 40. Ra5
Rxd6 41. Rxa7 Kg8 42. Re7 Kf8 43. Rxe8+ Kxe8 44. Re1 Ng4 45. Nc3 Rxf6 46. Nd1
Re6 47. Kf1 f5 48. g3 c5 49. Ke2 Ra6 50. a4 c4 51. bxc4 Rxa4 52. Nxe3 Ra2+ 53.
Nc2 Kd7 54. Kd3 Nf2+ 55. Kc3 Ne4+ 56. Kb3 Ra8 57. g4 Rb8+ 58. Ka4 Kc6 59. Nb4+
Kb6 60. gxf5 gxf5 1/2-1/2

[Event "19. Intern. Travemünder Schach-Open"]
[Site "?"]
[Date "2002.12.30"]
[Round "7"]
[White "GM Kalinitschew, Sergej"]
[Black "GM Rabiega, Robert"]
[Result "1/2-1/2"]
[WhiteElo "2485"]
[BlackElo "2503"]
[PlyCount "21"]
[EventDate "2002.??.??"]

1. e4 e5 2. Nf3 Nf6 3. Nxe5 d6 4. Nf3 Nxe4 5. Qe2 Qe7 6. d3 Nf6 7. Bg5 Qxe2+ 8.
Bxe2 Nbd7 9. Nc3 h6 10. Bf4 Nb6 11. O-O-O 1/2-1/2

[Event "19. Intern. Travemünder Schach-Open"]
[Site "?"]
[Date "2002.12.30"]
[Round "7"]
[White "GM Schmittdiel, Eckhard"]
[Black "IM Bangiev, Alexander"]
[Result "1/2-1/2"]
[WhiteElo "2491"]
[BlackElo "2431"]
[PlyCount "28"]
[EventDate "2002.??.??"]

1. e4 e5 2. Nf3 d6 3. d4 exd4 4. Nxd4 Nf6 5. Nc3 Be7 6. Be2 O-O 7. O-O Re8 8.
f4 Bf8 9. Bf3 c6 10. Kh1 Na6 11. Nb3 Nc7 12. a4 d5 13. e5 Nd7 14. Ne2 f6
1/2-1/2

[Event "19. Intern. Travemünder Schach-Open"]
[Site "?"]
[Date "2002.12.30"]
[Round "7"]
[White "GM Kupreychik, Victor"]
[Black "IM Salov, Sergej"]
[Result "1-0"]
[WhiteElo "2485"]
[BlackElo "2297"]
[PlyCount "61"]
[EventDate "2002.??.??"]

1. e4 c5 2. Ne2 Nf6 3. Nbc3 d5 4. exd5 Nxd5 5. Nxd5 Qxd5 6. d4 Nc6 7. c4 Qxc4
8. d5 Nd4 9. Nxd4 Qxd4 10. Bb5+ Bd7 11. Bxd7+ Kxd7 12. Qf3 Qf6 13. Bf4 e5 14.
dxe6+ Qxe6+ 15. Be3 Kc7 16. O-O Rd8 17. b4 Qd5 18. Bf4+ Kc8 19. Qa3 Bd6 20.
Rad1 Qc6 21. b5 Qb6 22. Bxd6 Rxd6 23. Rxd6 Qxd6 24. Qxa7 Re8 25. h3 Re5 26. b6
Qc6 27. Rd1 Rd5 28. Re1 Rg5 29. Qa8+ Kd7 30. Qe8+ Kd6 31. Qe7+ 1-0

[Event "19. Intern. Travemünder Schach-Open"]
[Site "?"]
[Date "2002.12.30"]
[Round "7"]
[White "IM Richter, Michael"]
[Black "GM Muse, Mladen"]
[Result "1/2-1/2"]
[WhiteElo "2396"]
[BlackElo "2474"]
[PlyCount "152"]
[EventDate "2002.??.??"]

1. d4 e6 2. c4 Nf6 3. Nc3 Bb4 4. e3 b6 5. Nge2 Ba6 6. a3 Bxc3+ 7. Nxc3 d5 8.
Qa4+ c6 9. Qb4 dxc4 10. Bxc4 Nd5 11. Nxd5 exd5 12. Bxa6 Nxa6 13. Qa4 Nb8 14.
O-O a5 15. Bd2 O-O 16. b4 b5 17. Qc2 a4 18. f3 Qb6 19. Rac1 Rc8 20. e4 dxe4 21.
fxe4 Qxd4+ 22. Kh1 Nd7 23. Bc3 Qd6 24. Rf5 Qe6 25. Qd3 f6 26. h3 Re8 27. Rd1
Nf8 28. Re1 Rad8 29. Qg3 Ng6 30. h4 Qd6 31. Qg4 Ne5 32. Bxe5 Rxe5 33. h5 Qe6
34. h6 g6 35. Ref1 Rxe4 36. Qg3 Qd6 37. Qxd6 Rxd6 38. Rxf6 Rxf6 39. Rxf6 Rh4+
40. Kg1 Rxh6 41. Rxc6 Rh5 42. Rc7 Rf5 43. Rb7 h5 44. Kh2 Kf8 45. g4 Rg5 46.
gxh5 gxh5 47. Kh3 Ke8 48. Kh4 Rf5 49. Rh7 Kd8 50. Rb7 Kc8 51. Rg7 Rf1 52. Kxh5
Rh1+ 53. Kg6 Rh3 54. Kf6 Rxa3 55. Rg5 Ra1 56. Ke5 a3 57. Rg8+ Kd7 58. Rg7+ Ke8
59. Rg8+ Kf7 60. Rg2 a2 61. Re2 Ke7 62. Kd5+ Kf6 63. Rf2+ Kg5 64. Rd2 Kf5 65.
Kd4 Kg4 66. Rg2+ Kf5 67. Rf2+ Ke6 68. Re2+ Kd6 69. Rd2 Rc1 70. Rxa2 Rc4+ 71.
Kd3 Rxb4 72. Kc3 Rh4 73. Rg2 Kc5 74. Rg5+ Kb6 75. Rg8 Rh3+ 76. Kb4 Rh4+ 1/2-1/2

[Event "19. Intern. Travemünder Schach-Open"]
[Site "?"]
[Date "2002.12.30"]
[Round "7"]
[White "FM Asendorf, Joachim"]
[Black "IM Voloshin, Leonid"]
[Result "0-1"]
[WhiteElo "2280"]
[BlackElo "2440"]
[PlyCount "105"]
[EventDate "2002.??.??"]

1. c4 e5 2. g3 Nc6 3. Bg2 Nf6 4. d3 g6 5. e4 Bg7 6. Ne2 d6 7. Nbc3 Nd7 8. O-O
Nc5 9. a3 a5 10. b3 O-O 11. Rb1 f5 12. b4 Ne6 13. exf5 gxf5 14. b5 Ne7 15. Nd5
Rb8 16. f4 Kh8 17. Be3 Ng6 18. d4 e4 19. c5 Ne7 20. Nec3 Bd7 21. Qd2 Nxd5 22.
Nxd5 c6 23. Nb6 Be8 24. bxc6 dxc5 25. d5 Nd4 26. Qxa5 bxc6 27. Qxc5 Ne2+ 28.
Kh1 cxd5 29. Qxd5 Nc3 30. Qxd8 Rxd8 31. Rbc1 Bb5 32. Rfe1 Bd3 33. Bc5 Rf7 34.
Bb4 Ne2 35. Rcd1 Bd4 36. Na4 Rf6 37. Nc5 Nxg3+ 38. hxg3 Rh6+ 39. Bh3 Bxc5 40.
Bxc5 Rxh3+ 41. Kg2 Rh6 42. Bb4 Rc6 43. Rc1 Rdc8 44. Rxc6 Rxc6 45. g4 Kg7 46. g5
Rc2+ 47. Kg3 h6 48. gxh6+ Kxh6 49. Rh1+ Kg7 50. Rh2 Rc1 51. Bd2 Rf1 52. Rf2 Rb1
53. Bc3+ 0-1

[Event "19. Intern. Travemünder Schach-Open"]
[Site "?"]
[Date "2002.12.30"]
[Round "7"]
[White "IM Kopylov, Michael"]
[Black "Stimpel, Franz"]
[Result "1-0"]
[WhiteElo "2436"]
[BlackElo "2278"]
[PlyCount "113"]
[EventDate "2002.??.??"]

1. d4 Nf6 2. c4 d6 3. g3 g6 4. Bg2 Bg7 5. Nf3 O-O 6. O-O Nbd7 7. Nc3 e5 8. e4
exd4 9. Nxd4 Re8 10. Re1 Nc5 11. f3 Nfd7 12. Be3 Ne5 13. b3 Bd7 14. h3 Nc6 15.
Qd2 Ne6 16. Nc2 Ne7 17. Rad1 Bc6 18. Bf2 f5 19. exf5 Nxf5 20. Nd5 Qd7 21. g4
Nh6 22. f4 Kh8 23. Re2 Nf8 24. Rde1 Rxe2 25. Qxe2 Ng8 26. Nd4 Rb8 27. f5 Be5
28. Nf3 Re8 29. Nxe5 dxe5 30. Qb2 Qg7 31. Bg3 Bxd5 32. Bxd5 Nd7 33. fxg6 hxg6
34. Bxb7 Qe7 35. Be4 Kg7 36. Qc2 Qg5 37. Qc1 Qxc1 38. Rxc1 Ngf6 39. Bg2 g5 40.
Rd1 Nf8 41. b4 Ng6 42. Bf2 a6 43. Bc6 Re6 44. b5 axb5 45. cxb5 Nf4 46. Kh2 e4
47. Be3 Kg6 48. a4 Re7 49. a5 Rh7 50. Bxf4 gxf4 51. a6 Nxg4+ 52. Kg1 Rxh3 53.
Bxe4+ Kf6 54. a7 Rg3+ 55. Kf1 Ne3+ 56. Ke2 Nxd1 57. Kxd1 1-0

[Event "19. Intern. Travemünder Schach-Open"]
[Site "?"]
[Date "2002.12.30"]
[Round "7"]
[White "GM Mainka, Romuald"]
[Black "Gazic, Josip"]
[Result "1-0"]
[WhiteElo "2411"]
[BlackElo "2270"]
[PlyCount "53"]
[EventDate "2002.??.??"]

1. e4 d6 2. d4 c6 3. f4 Nf6 4. Nc3 Qb6 5. e5 Ng4 6. h3 Nh6 7. g4 d5 8. Nf3 e6
9. a3 c5 10. Be3 c4 11. b3 cxb3 12. cxb3 Bd7 13. Bd3 Nc6 14. b4 Ne7 15. O-O f5
16. Ng5 g6 17. Na4 Bxa4 18. Qxa4+ Nc6 19. Nxe6 fxg4 20. Rac1 Ke7 21. b5 Qa5 22.
Qc2 Nxe5 23. fxe5 Kxe6 24. Rf6+ Kd7 25. Bd2 Qd8 26. b6 Bxa3 27. Qa4+ 1-0

[Event "19. Intern. Travemünder Schach-Open"]
[Site "?"]
[Date "2002.12.30"]
[Round "7"]
[White "FM Hess, Christian"]
[Black "IM Seger, Rüdiger"]
[Result "0-1"]
[WhiteElo "2261"]
[BlackElo "2406"]
[PlyCount "66"]
[EventDate "2002.??.??"]

1. Nf3 Nf6 2. c4 g6 3. Nc3 d5 4. cxd5 Nxd5 5. Qa4+ c6 6. Qd4 f6 7. e4 e5 8.
Nxe5 Nxc3 9. Qxc3 Qe7 10. Nf3 Qxe4+ 11. Be2 Nd7 12. O-O Bb4 13. Qb3 Nc5 14. Qd1
Nd3 15. Bxd3 Qxd3 16. Re1+ Kf7 17. b3 Be6 18. Bb2 Rhe8 19. Re3 Qd5 20. Rc1 Bf5
21. Nd4 Bd7 22. Qc2 Rad8 23. a3 Bf8 24. Qc3 Bg7 25. Nf3 Bg4 26. Rce1 Rxe3 27.
Rxe3 Bxf3 28. Rxf3 Qxd2 29. Rxf6+ Kg8 30. Rf8+ Bxf8 31. Qh8+ Kf7 32. Qxh7+ Ke8
33. Qxg6+ Kd7 0-1

[Event "19. Intern. Travemünder Schach-Open"]
[Site "?"]
[Date "2002.12.30"]
[Round "7"]
[White "IM Heyken, Enno"]
[Black "Bielmeier, Ludwig"]
[Result "1-0"]
[WhiteElo "2307"]
[BlackElo "2174"]
[PlyCount "107"]
[EventDate "2002.??.??"]

1. d4 Nf6 2. Bg5 e6 3. Nd2 c5 4. e3 cxd4 5. exd4 Be7 6. Ngf3 O-O 7. Bd3 d6 8.
O-O Nbd7 9. a4 Re8 10. Re1 h6 11. Bf4 Nd5 12. Bg3 N7f6 13. h3 a5 14. c3 Bd7 15.
Bc2 Rc8 16. Qe2 Qb6 17. Rac1 Kh8 18. Nc4 Rxc4 19. Qxc4 Qxb2 20. Qb3 Qxc3 21.
Qxb7 Bc6 22. Qb3 Qxb3 23. Bxb3 Nb4 24. Rc3 Rb8 25. Nd2 Nfd5 26. Bxd5 Bxd5 27.
Rec1 Rb6 28. Nc4 Ra6 29. Ne3 Bf6 30. Nxd5 Nxd5 31. Rc6 Ra7 32. Bxd6 Bxd4 33.
Bc5 Bxc5 34. R1xc5 g6 35. Rb5 Nc7 36. Rbc5 Nd5 37. Rb5 Nc7 38. Rb8+ Kg7 39. g4
g5 40. Kg2 Kf6 41. Rd8 Na6 42. Rdc8 Kg6 43. Kg3 Kf6 44. h4 gxh4+ 45. Kxh4 Ke5
46. Kg3 Kd5 47. Kf4 f5 48. Rc1 Kd6 49. R8c6+ Kd5 50. Rc8 Kd6 51. Rd1+ Ke7 52.
Rh8 Nc7 53. Ke5 fxg4 54. Rh7+ 1-0

[Event "19. Intern. Travemünder Schach-Open"]
[Site "?"]
[Date "2002.12.30"]
[Round "7"]
[White "FM Hermesmann, Hans"]
[Black "Wiertzema, Michael"]
[Result "1-0"]
[WhiteElo "2287"]
[BlackElo "2149"]
[PlyCount "39"]
[EventDate "2002.??.??"]

1. d4 d5 2. c4 c6 3. Nc3 Nf6 4. e3 a6 5. Qc2 b5 6. b3 e6 7. Nf3 Bd6 8. Bd3 b4
9. Ne2 O-O 10. O-O h6 11. Ne5 Nfd7 12. Bb2 dxc4 13. Nxc4 Bc7 14. Rad1 Qh4 15.
f4 a5 16. Rf3 a4 17. Rg3 axb3 18. axb3 Qe7 19. d5 e5 20. d6 1-0

[Event "19. Intern. Travemünder Schach-Open"]
[Site "?"]
[Date "2002.12.30"]
[Round "7"]
[White "Kohn, Sandro"]
[Black "Sawatzki, Jörg"]
[Result "1/2-1/2"]
[WhiteElo "2149"]
[BlackElo "2261"]
[PlyCount "69"]
[EventDate "2002.??.??"]

1. Nf3 Nf6 2. d4 g6 3. g3 Bg7 4. Bg2 O-O 5. O-O d6 6. c4 Nc6 7. b3 e5 8. dxe5
Nxe5 9. Bb2 Nxf3+ 10. Bxf3 Rb8 11. Nc3 Bh3 12. Re1 Nd7 13. Qd2 a6 14. Nd5 Ne5
15. Bh1 h5 16. f4 Ng4 17. Bxg7 Kxg7 18. Qd4+ f6 19. Bg2 Bxg2 20. Kxg2 c6 21.
Nc3 Qa5 22. h3 Nh6 23. e4 Rbd8 24. Rad1 Nf7 25. Re3 Rfe8 26. Qd2 Rh8 27. Ne2
Qxd2 28. Rxd2 Rhe8 29. Kf3 Re7 30. Nd4 Rde8 31. Rde2 Nd8 32. f5 g5 33. Nc2 Nf7
34. Kf2 c5 35. Na3 1/2-1/2

[Event "19. Intern. Travemünder Schach-Open"]
[Site "?"]
[Date "2002.12.30"]
[Round "7"]
[White "Schuh, Dirk"]
[Black "Stümer, Paul"]
[Result "1-0"]
[WhiteElo "2252"]
[BlackElo "2145"]
[PlyCount "133"]
[EventDate "2002.??.??"]

1. e4 c5 2. g3 Nc6 3. Bg2 g6 4. d3 Bg7 5. f4 d6 6. Nf3 e5 7. c3 Nge7 8. O-O
exf4 9. Bxf4 O-O 10. Na3 h6 11. Qe2 g5 12. Bd2 d5 13. Nc2 Be6 14. Bxg5 dxe4 15.
dxe4 hxg5 16. Nxg5 Bh6 17. Nxe6 fxe6 18. Qg4+ Kh7 19. Qxe6 Ng8 20. Rxf8 Qxf8
21. Rf1 Qe8 22. Rf7+ Bg7 23. Qf5+ Kh8 24. Qg6 Qe5 25. Rf5 Qe7 26. Rh5+ Bh6 27.
Rxh6+ Nxh6 28. Qxh6+ Kg8 29. Ne3 Rf8 30. Nf5 Qf6 31. Qxf6 Rxf6 32. Bf3 Ne5 33.
Be2 c4 34. Ne3 b5 35. Nd5 Rf7 36. b3 Kg7 37. Nf4 b4 38. cxb4 c3 39. Bd1 Rd7 40.
Nd5 Nf3+ 41. Kf2 Rxd5 42. exd5 Nd4 43. a4 c2 44. Bxc2 Nxc2 45. b5 Nd4 46. a5
Nxb5 47. Ke3 Kf6 48. Kd3 Ke5 49. Kc4 Nd6+ 50. Kc5 Nb7+ 51. Kb5 Kxd5 52. b4 Nd8
53. Ka6 Ne6 54. Kxa7 Kc6 55. a6 Nc7 56. h4 Nb5+ 57. Kb8 Kb6 58. h5 Kxa6 59. g4
Nd6 60. g5 Nf5 61. Kc7 Ng7 62. Kc6 Nxh5 63. b5+ Ka7 64. Kc7 Ng7 65. b6+ Ka6 66.
b7 Ne6+ 67. Kc8 1-0

[Event "19. Intern. Travemünder Schach-Open"]
[Site "?"]
[Date "2002.12.30"]
[Round "7"]
[White "Haselhorst, Helmut"]
[Black "Issing, Peter"]
[Result "0-1"]
[WhiteElo "2144"]
[BlackElo "2249"]
[PlyCount "118"]
[EventDate "2002.??.??"]

1. d4 Nf6 2. Nf3 e6 3. g3 d5 4. Bg2 Be7 5. O-O O-O 6. c4 c6 7. Nbd2 Nbd7 8. Qc2
b6 9. e4 Bb7 10. e5 Ne8 11. cxd5 cxd5 12. Rd1 Rc8 13. Qd3 Nc7 14. Nf1 a5 15. h4
Ba6 16. Qe3 Nb5 17. Qf4 Na7 18. Qg4 Kh8 19. Ng5 Nc6 20. Ne3 Nb4 21. Qh5 Bxg5
22. hxg5 Bd3 23. Bf3 Bg6 24. Qh4 Nc2 25. Nxc2 Rxc2 26. b3 Qe7 27. a4 Rfc8 28.
Ba3 Qe8 29. Rdc1 Nb8 30. Qf4 Na6 31. Bd1 Rxc1 32. Rxc1 Nb4 33. Qd2 Rxc1 34.
Qxc1 Qc6 35. Be2 Qxc1+ 36. Bxc1 Bc2 37. Bb5 Kg8 38. Kf1 Bxb3 39. g6 hxg6 40.
Bg5 Bc4+ 41. Ke1 Bxb5 42. axb5 Nc2+ 43. Kd1 Nxd4 44. Bd8 Nxb5 45. Bxb6 a4 46.
g4 g5 47. Bd8 Kf8 48. Bxg5 Ke8 49. f4 g6 50. Kc2 Kd7 51. Bh4 Kc6 52. Bf2 Nc7
53. Kc3 Kb5 54. Bh4 Na6 55. Be7 Nc5 56. Kd4 Nb3+ 57. Kc3 Na5 58. Ba3 Nc4 59.
Bc1 Kc5 0-1

[Event "19. Intern. Travemünder Schach-Open"]
[Site "?"]
[Date "2002.12.30"]
[Round "7"]
[White "Großkopf, Lars"]
[Black "Wronn, Bernd"]
[Result "1-0"]
[WhiteElo "2142"]
[BlackElo "2243"]
[PlyCount "87"]
[EventDate "2002.??.??"]

1. d4 Nf6 2. Bg5 d5 3. Bxf6 exf6 4. e3 Bd6 5. c4 c6 6. Nc3 Be6 7. cxd5 cxd5 8.
g3 Qa5 9. Bg2 Nd7 10. Qb3 Rc8 11. Nge2 Nb6 12. O-O O-O 13. Rfc1 Nc4 14. Qb5
Qxb5 15. Nxb5 Bb8 16. b3 Nb6 17. a4 a5 18. Nf4 Bxf4 19. gxf4 Rfd8 20. Kf1 g5
21. fxg5 fxg5 22. Ke2 Kf8 23. Kd2 Ke7 24. Rc3 Rxc3 25. Nxc3 Rc8 26. Bf3 g4 27.
Bg2 Rg8 28. Rc1 Rg5 29. Ne2 Rh5 30. Rc7+ Kd6 31. Rxb7 Kc6 32. Ra7 Rxh2 33. Nf4
h5 34. Ke1 Bf5 35. Rxa5 Bd3 36. Rc5+ Kb7 37. a5 h4 38. Nxd3 Rxg2 39. Kf1 h3 40.
axb6 g3 41. Rxd5 Kxb6 42. Rh5 Rh2 43. fxg3 Rh1+ 44. Kf2 1-0

[Event "19. Intern. Travemünder Schach-Open"]
[Site "?"]
[Date "2002.12.30"]
[Round "7"]
[White "Bunk, Karsten"]
[Black "Rieke, Theo"]
[Result "1/2-1/2"]
[WhiteElo "2134"]
[BlackElo "2236"]
[PlyCount "49"]
[EventDate "2002.??.??"]

1. d4 Nf6 2. Bg5 Ne4 3. Bf4 c5 4. f3 Nf6 5. dxc5 Qa5+ 6. Qd2 Qxc5 7. e4 d6 8.
Nc3 a6 9. O-O-O e5 10. Be3 Qc7 11. g4 Be6 12. g5 Nfd7 13. Nd5 Bxd5 14. Qxd5 Nc6
15. Bc4 Nc5 16. Qd2 Ne6 17. Ne2 Ncd4 18. Bxe6 Nxe2+ 19. Qxe2 fxe6 20. Rd2 Be7
21. h4 O-O 22. Rd3 Rac8 23. Rc3 Qd7 24. Rxc8 Rxc8 25. Rd1 1/2-1/2

[Event "19. Intern. Travemünder Schach-Open"]
[Site "?"]
[Date "2002.12.30"]
[Round "7"]
[White "Freudlieb, Thomas"]
[Black "Biedeköpper, Robert"]
[Result "1/2-1/2"]
[WhiteElo "2134"]
[BlackElo "2217"]
[PlyCount "44"]
[EventDate "2002.??.??"]

1. d4 Nf6 2. Nf3 c5 3. e3 d6 4. c3 Nbd7 5. Bd3 g6 6. O-O Bg7 7. e4 e5 8. dxe5
dxe5 9. Bg5 h6 10. Bxf6 Bxf6 11. Nbd2 O-O 12. a4 Nb6 13. Qc2 Be6 14. a5 Nc8 15.
Bc4 Re8 16. Bxe6 Rxe6 17. Nc4 Qc7 18. Rfd1 Kg7 19. Qa4 Nd6 20. Nxd6 Rxd6 21.
Rxd6 Qxd6 22. Rd1 Qa6 1/2-1/2

[Event "19. Intern. Travemünder Schach-Open"]
[Site "?"]
[Date "2002.12.30"]
[Round "7"]
[White "Knoll, Andreas"]
[Black "Mueller, Fabian"]
[Result "1/2-1/2"]
[WhiteElo "1884"]
[BlackElo "2211"]
[PlyCount "48"]
[EventDate "2002.??.??"]

1. e4 c5 2. Nf3 Nc6 3. d4 cxd4 4. Nxd4 Nf6 5. Nc3 e6 6. Ndb5 d6 7. Bf4 e5 8.
Bg5 a6 9. Na3 b5 10. Bxf6 gxf6 11. Nd5 f5 12. c3 Bg7 13. exf5 Bxf5 14. Nc2 O-O
15. Nce3 Be6 16. Bd3 f5 17. Qh5 e4 18. Bc2 Ne5 19. O-O Bf7 20. Qh3 Bxd5 21.
Nxd5 Rc8 22. Bb3 Nc4 23. f3 Qe8 24. Qh4 Kh8 1/2-1/2